Catálogo
 En Linea

Transición " made in USA" : (Registro nro. 4336)

Detalles MARC
000 -CABECERA
campo de control de longitud fija 01198nam a2200265 a 4500
001 - NÚMERO DE CONTROL
campo de control 000004527
005 - FECHA Y HORA DE LA ÚLTIMA TRANSACCIÓN
campo de control 20240305125740.0
008 - DATOS DE LONGITUD FIJA--INFORMACIÓN GENERAL
campo de control de longitud fija 090723t2007 dr 001 0 spa d
020 ## - NÚMERO INTERNACIONAL ESTÁNDAR DEL LIBRO
Número Internacional Estándar del Libro 9789945427233
040 ## - FUENTE DE LA CATALOGACIÓN
Centro catalogador/agencia de origen DO-SdBNP
Lengua de catalogación spa
Centro/agencia transcriptor BNPHU
082 ## - NÚMERO DE LA CLASIFICACIÓN DECIMAL DEWEY
Número de clasificación 320.97293054
Número de documento/Ítem H552t
100 1# - ENTRADA PRINCIPAL--NOMBRE DE PERSONA
Nombre de persona Hamlet, Hermann,
Fechas asociadas al nombre 1934-2016
9 (RLIN) 36649
245 10 - MENCIÓN DE TÍTULO
Título Transición " made in USA" :
Resto del título gobiernos provisionales, herencia de las ocupaciones militares /
Mención de responsabilidad, etc. Hamlet Hermann.
260 ## - PUBLICACIÓN, DISTRIBUCIÓN, ETC.
Lugar de publicación, distribución, etc. Santo Domingo :
Nombre del editor, distribuidor, etc. Nacional,
Fecha de publicación, distribución, etc. 2007.
300 ## - DESCRIPCIÓN FÍSICA
Extensión 221 p. ;
Dimensiones 23 cm.
500 ## - NOTA GENERAL
Nota general Incluye datos biográficos del autor en las solapas.
500 ## - NOTA GENERAL
Nota general Incluye referencias bibliográficas y notas al pie de páginas.
586 ## - NOTA DE PREMIOS
Nota de premios Premio Anual de Ensayo Pedro Henrríquez Ureña, modalidad: Ensayo sociopolítico, 2007.
590 ## - NOTA LOCAL (RLIN)
Nota local Inventariado, 2018/LP
651 #4 - PUNTO DE ACCESO ADICIONAL DE MATERIA--NOMBRE GEOGRÁFICO
Nombre geográfico República Dominicana
Subdivisión general Política Y Gobierno
-- Ensayos, Conferencias, Etc.
9 (RLIN) 1167
651 #4 - PUNTO DE ACCESO ADICIONAL DE MATERIA--NOMBRE GEOGRÁFICO
Nombre geográfico República Dominicana
Subdivisión general Historia
Subdivisión cronológica REVOLUCIÓN, 1965
9 (RLIN) 2167
651 #4 - PUNTO DE ACCESO ADICIONAL DE MATERIA--NOMBRE GEOGRÁFICO
Nombre geográfico República Dominicana
Subdivisión general Relaciones Exteriores
Subdivisión geográfica Estados Unidos
9 (RLIN) 6308
651 #4 - PUNTO DE ACCESO ADICIONAL DE MATERIA--NOMBRE GEOGRÁFICO
Nombre geográfico Estados Unidos
Subdivisión general Relaciones Exteriores
Subdivisión geográfica República Dominicana
9 (RLIN) 6309
910 ## - DATOS DE OPCIÓN DEL USUARIO (OCLC)
Datos de opción del usuario Validado. Control de calidad EMS.
Existencias
Estado de retiro Estado de pérdida Restricciones de uso No para préstamo Código de colección Localización permanente Ubicación/localización actual Ubicación en estantería Fecha de adquisición Número de inventario Total de préstamos Signatura topográfica completa Código de barras Fecha visto por última vez Número de copia Precio válido a partir de Tipo de ítem Koha
        Dominicana de Servicio General General Depósito 23.07.2009 LF1   320.97293054 H552t 4527-30 25.06.2020 e.3 25.06.2020 Libro y Folleto Colección Dominicana de Servicio
        Dominicana de Servicio General General Depósito 24.07.2009 LF1   320.97293054 H552t 4527-40 25.06.2020 e.4 25.06.2020 Libro y Folleto Colección Dominicana de Servicio
        Dominicana de Servicio General General Depósito 24.07.2009 LF1   320.97293054 H552t 4527-50 25.06.2020 e.5 25.06.2020 Libro y Folleto Colección Dominicana de Servicio
      Excluido de préstamo Patrimonio Dominicano Patrimonio Dominicano Patrimonio Dominicano Depósito 23.07.2009 LF1   320.97293054 H552t 4527-10 25.06.2020   25.06.2020 Libro y Folleto Colección Patrimonio Dominicano
      Excluido de préstamo Patrimonio Dominicano Patrimonio Dominicano Patrimonio Dominicano Depósito 23.07.2009 LF1   320.97293054 H552t 4527-20 25.06.2020 e.2 25.06.2020 Libro y Folleto Colección Patrimonio Dominicano

Con tecnología Koha